[Event "Titled Tuesday intern op 13th Feb Early"]
[Site "Chess.com INT"]
[Date "2024.02.13"]
[Round "4"]
[White "Alexanian, Nelli"]
[Black "Garrido Diaz, Jose Antonio"]
[Result "0-1"]
[WhiteElo "1896"]
[BlackElo "2288"]
[PlyCount "94"]
[EventDate "2024.02.13"]
[EventType "swiss (blitz)"]
[EventRounds "11"]
[EventCountry "USA"]
[SourceTitle "CB08_2024"]
[SourceDate "2024.02.21"]
[SourceVersion "1"]
[SourceVersionDate "2024.02.21"]
[SourceQuality "1"]

1. d4 Nf6 2. c4 d6 3. Nc3 e5 4. d5 g6 5. Bg5 Bg7 6. e4 Nbd7 7. Nge2 h6 8. Be3 Ng4 9. Bd2 Nc5 10. Nc1 a5 11. f3 Nf6 12. Be3 Nh5 13. Qd2 f5 14. exf5 gxf5 15. g3 f4 16. Bf2 0-0 17. Nd3 e4 18. fxe4 Bxc3 19. Qxc3 Nxe4 20. Qc2 Nxf2 21. Nxf2 Re8+ 22. Kd2 fxg3 23. Qg6+ Ng7 24. Bd3 Qg5+ 25. Qxg5 hxg5 26. hxg3 Bf5 27. g4 Bxd3 28. Kxd3 Re5 29. Ne4 Rae8 30. Nf6+ Kf7 31. Nxe8 Nxe8 32. Raf1+ Kg6 33. Rf8 Nf6 34. Rc8 Re7 35. Rhh8 Nxg4 36. Rhe8 Ne5+ 37. Kc3 Rf7 38. Rg8+ Kf5 39. Rcf8 g4 40. Rxf7+ Nxf7 41. Kd3 Ne5+ 42. Kd4 Kf4 43. b3 g3 44. Rg7 Kf3 45. Rxc7 g2 46. Rf7+ Kg3 47. Rg7+ Ng4 0-1

[Event "Titled Tuesday intern op 13th Feb Early"]
[Site "Chess.com INT"]
[Date "2024.02.13"]
[Round "10"]
[White "Alexanian, Nelli"]
[Black "Rios Escobar, Adan"]
[Result "0-1"]
[WhiteElo "1896"]
[BlackElo "2234"]
[PlyCount "56"]
[EventDate "2024.02.13"]
[EventType "swiss (blitz)"]
[EventRounds "11"]
[EventCountry "USA"]
[SourceTitle "CB08_2024"]
[SourceDate "2024.02.21"]
[SourceVersion "1"]
[SourceVersionDate "2024.02.21"]
[SourceQuality "1"]

1. d4 Nf6 2. c4 g6 3. h4 Bg7 4. Nc3 d5 5. cxd5 Nxd5 6. h5 Nxc3 7. bxc3 c5 8. h6 Bf6 9. Nf3 Nc6 10. e3 0-0 11. Bc4 Bg4 12. 0-0 Bg5 13. e4 Bxc1 14. Rxc1 cxd4 15. cxd4 Bxf3 16. Qxf3 Nxd4 17. Qg3 Qb8 18. e5 b5 19. Bd3 Qb6 20. Kh1 Rad8 21. f4 Kh8 22. f5 g5 23. Qxg5 Rg8 24. Qxe7 Qxh6+ 25. Kg1 Nf3+ 26. Kf2 Rxd3 27. gxf3 Rd2+ 28. Ke1 Qe3# 0-1

[Event "Titled Tuesday intern op 09th Jan Early"]
[Site "Chess.com INT"]
[Date "2024.01.09"]
[Round "2"]
[White "Alexanian, Nelli"]
[Black "Gheorghiu, Calin"]
[Result "0-1"]
[WhiteElo "1896"]
[BlackElo "2313"]
[PlyCount "52"]
[EventDate "2024.01.09"]
[EventType "swiss (blitz)"]
[EventRounds "11"]
[EventCountry "USA"]
[SourceTitle "CB03_2024"]
[SourceDate "2024.01.17"]
[SourceVersion "1"]
[SourceVersionDate "2024.01.17"]
[SourceQuality "1"]

1. d4 Nf6 2. c4 g6 3. Nc3 d5 4. h4 h6 5. h5 g5 6. Nf3 Bg7 7. e3 0-0 8. Bd3 Bg4 9. cxd5 Nxd5 10. Nxd5 Qxd5 11. e4 Qa5+ 12. Bd2 Qb6 13. Bc3 Nc6 14. e5 Rad8 15. Rc1 f6 16. Bc4+ Kh8 17. d5 Nxe5 18. Be2 Nxf3+ 19. Bxf3 Bxf3 20. Qxf3 f5 21. Bxg7+ Kxg7 22. Qc3+ Qf6 23. Qxc7 Rc8 24. Qxc8 Rxc8 25. Rxc8 Qe5+ 26. Kf1 Qxd5 0-1

[Event "Titled Tuesday intern op 09th Jan Early"]
[Site "Chess.com INT"]
[Date "2024.01.09"]
[Round "9"]
[White "Alexanian, Nelli"]
[Black "Teillet, Benoit"]
[Result "1-0"]
[WhiteElo "1896"]
[BlackElo "2218"]
[PlyCount "121"]
[EventDate "2024.01.09"]
[EventType "swiss (blitz)"]
[EventRounds "11"]
[EventCountry "USA"]
[SourceTitle "CB03_2024"]
[SourceDate "2024.01.17"]
[SourceVersion "1"]
[SourceVersionDate "2024.01.17"]
[SourceQuality "1"]

1. d4 d6 2. e4 Nf6 3. Bd3 g6 4. Ne2 Bg7 5. Bg5 c5 6. d5 a6 7. f3 b5 8. c4 Bd7 9. Qd2 bxc4 10. Bxc4 Bb5 11. Na3 Qb6 12. Nc3 Bxc4 13. Nxc4 Qb4 14. Qe2 Nbd7 15. 0-0 0-0 16. a3 Qb8 17. f4 h6 18. Bh4 Re8 19. e5 dxe5 20. fxe5 Nh7 21. Qf3 Nxe5 22. Nxe5 Qxe5 23. Qxf7+ Kh8 24. Rae1 Qd4+ 25. Bf2 Qg4 26. Re4 Qg5 27. Be3 Qh5 28. Rxe7 Rxe7 29. Qxe7 Rf8 30. Rxf8+ Bxf8 31. Qe8 Qf5 32. Bxc5 Kg8 33. Bxf8 Nxf8 34. d6 Qc5+ 35. Kf1 Qxd6 36. Qe4 Qf6+ 37. Kg1 Qg5 38. h3 Qc1+ 39. Kh2 Qxb2 40. Qd5+ Kg7 41. Ne4 Qb8+ 42. Nd6 Qc7 43. Kg1 h5 44. Qe5+ Kh6 45. Nf5+ gxf5 46. Qxc7 Ng6 47. Qc6 Kg5 48. Qxa6 h4 49. Qe2 Nf4 50. Qf3 Ne2+ 51. Qxe2 f4 52. Qf3 Kf5 53. Kf2 Kg5 54. a4 Kf5 55. a5 Ke5 56. a6 Kd6 57. a7 Kc7 58. a8Q Kd7 59. Qa6 Kc7 60. Qfc6+ Kb8 61. Qcb7# 1-0

[Event "Titled Tuesday intern op 09th Jan Early"]
[Site "Chess.com INT"]
[Date "2024.01.09"]
[Round "4"]
[White "Pogorelskikh, Sofia"]
[Black "Alexanian, Nelli"]
[Result "1-0"]
[WhiteElo "2198"]
[BlackElo "1896"]
[PlyCount "75"]
[EventDate "2024.01.09"]
[EventType "swiss (blitz)"]
[EventRounds "11"]
[EventCountry "USA"]
[SourceTitle "CB03_2024"]
[SourceDate "2024.01.17"]
[SourceVersion "1"]
[SourceVersionDate "2024.01.17"]
[SourceQuality "1"]

1. e4 e6 2. d4 d5 3. Nc3 Bb4 4. e5 c5 5. a3 Bxc3+ 6. bxc3 Ne7 7. a4 Qa5 8. Bd2 Nbc6 9. Qg4 Bd7 10. Nf3 0-0-0 11. dxc5 Qxc5 12. Bd3 f6 13. Qxg7 Rhg8 14. Qxf6 Rxg2 15. Be3 Qxc3+ 16. Ke2 d4 17. Bd2 Qc5 18. Rhg1 Rdg8 19. Bxh7 Nd5 20. Qf7 Qc4+ 21. Bd3 Nc3+ 22. Bxc3 Qxc3 23. Rxg2 Rxg2 24. Qf8+ Nd8 25. Rd1 Bc6 26. Nd2 b5 27. axb5 Bd5 28. Rb1 Rxf2+ 29. Qxf2 Qc5 30. Qg3 Qe7 31. Rg1 Qf7 32. Qf2 Qh5+ 33. Ke1 Qxe5+ 34. Kf1 Qh5 35. Ne4 Qd1+ 36. Kg2 Qg4+ 37. Kh1 Bxe4+ 38. Bxe4 1-0

[Event "Titled Tuesday intern op 27th Jun Early"]
[Site "Chess.com INT"]
[Date "2023.06.27"]
[Round "3"]
[White "Adireddy, Arjun"]
[Black "Alexanian, Nelli"]
[Result "1-0"]
[WhiteElo "1968"]
[BlackElo "1896"]
[PlyCount "51"]
[EventDate "2023.06.27"]
[EventType "swiss (blitz)"]
[EventRounds "11"]
[EventCountry "USA"]
[SourceTitle "EXT 2024"]
[Source "ChessBase"]
[SourceDate "2023.10.10"]
[SourceVersion "1"]
[SourceVersionDate "2023.10.10"]
[SourceQuality "1"]

1. e4 e6 2. d4 d5 3. exd5 exd5 4. Nf3 Bg4 5. Bd3 Nc6 6. c3 Bd6 7. 0-0 Qd7 8. Re1+ Nge7 9. h3 Bh5 10. Nbd2 0-0-0 11. Nf1 f6 12. Ng3 Bg6 13. Qc2 Bxd3 14. Qxd3 h5 15. Bd2 h4 16. Nf1 g5 17. N1h2 Nf5 18. Ng4 Rdf8 19. Re2 Ng7 20. Rae1 f5 21. Nge5 Nxe5 22. Nxe5 Bxe5 23. Rxe5 Re8 24. Bxg5 Ne6 25. Qxf5 Rhf8 26. Rxe6 1-0

[Event "Titled Tuesday intern op 27th Jun Early"]
[Site "Chess.com INT"]
[Date "2023.06.27"]
[Round "10"]
[White "Bilan, Danila"]
[Black "Alexanian, Nelli"]
[Result "1-0"]
[WhiteElo "2303"]
[BlackElo "1896"]
[PlyCount "75"]
[EventDate "2023.06.27"]
[EventType "swiss (blitz)"]
[EventRounds "11"]
[EventCountry "USA"]
[SourceTitle "EXT 2024"]
[Source "ChessBase"]
[SourceDate "2023.10.10"]
[SourceVersion "1"]
[SourceVersionDate "2023.10.10"]
[SourceQuality "1"]

1. d4 Nf6 2. Nf3 g6 3. Bg5 c5 4. c3 Qb6 5. Qc1 Ne4 6. Bh4 Nc6 7. e3 d5 8. Nbd2 Bf5 9. Be2 cxd4 10. Nxd4 Nxd4 11. exd4 Bh6 12. Nc4 dxc4 13. Qxh6 Qxb2 14. Rc1 Nxc3 15. Bxc4 b5 16. Qe3 0-0 17. Rxc3 bxc4 18. 0-0 Bd3 19. Rfc1 Qe2 20. Qxe2 Bxe2 21. Bxe7 Rfe8 22. Bc5 a6 23. Re3 Bd3 24. d5 Rec8 25. Bb4 a5 26. Bc3 Rd8 27. Rce1 Kf8 28. g4 Rxd5 29. h4 Rad8 30. g5 R5d7 31. Bxa5 Bf5 32. Bxd8 Rxd8 33. Rc1 Bd3 34. Re5 Bf5 35. Ra1 c3 36. Rc5 c2 37. Re1 Rd1 38. Kf1 1-0

[Event "Titled Tuesday intern op 13th Jun Early"]
[Site "Chess.com INT"]
[Date "2023.06.13"]
[Round "11"]
[White "Alexanian, Nelli"]
[Black "Floresvillar Gonzalez, Luis Miguel"]
[Result "0-1"]
[WhiteElo "1896"]
[BlackElo "2043"]
[PlyCount "74"]
[EventDate "2023.06.13"]
[EventType "swiss (blitz)"]
[EventRounds "11"]
[EventCountry "USA"]
[SourceTitle "EXT 2024"]
[Source "ChessBase"]
[SourceDate "2023.10.10"]
[SourceVersion "1"]
[SourceVersionDate "2023.10.10"]
[SourceQuality "1"]

1. d4 d5 2. c4 c6 3. cxd5 cxd5 4. Nc3 Nc6 5. Bf4 Nf6 6. e3 e6 7. Rc1 Bd6 8. Bxd6 Qxd6 9. f4 0-0 10. Nf3 Bd7 11. Bd3 Nb4 12. Bb1 Rac8 13. 0-0 a6 14. Ne5 Bb5 15. Rf3 g6 16. Rh3 Kg7 17. g4 Nc6 18. Qe1 h6 19. g5 hxg5 20. fxg5 Ne4 21. Bxe4 Nxe5 22. dxe5 Qxe5 23. Bg2 Qxg5 24. Nxb5 axb5 25. Rg3 Qf6 26. Rc3 Qe5 27. e4 d4 28. Rb3 Rfd8 29. Qd2 Rd7 30. Rg5 Qc7 31. Rgxb5 d3 32. Bf1 Qc1 33. Qxc1 Rxc1 34. Rxb7 Rxb7 35. Rxd3 Rxb2 36. a4 Rbb1 37. Rf3 Ra1 0-1

[Event "Titled Tuesday intern op 13th Jun Early"]
[Site "Chess.com INT"]
[Date "2023.06.13"]
[Round "6"]
[White "Samaganova, Alexandra"]
[Black "Alexanian, Nelli"]
[Result "1-0"]
[WhiteElo "1827"]
[BlackElo "1896"]
[PlyCount "65"]
[EventDate "2023.06.13"]
[EventType "swiss (blitz)"]
[EventRounds "11"]
[EventCountry "USA"]
[SourceTitle "EXT 2024"]
[Source "ChessBase"]
[SourceDate "2023.10.10"]
[SourceVersion "1"]
[SourceVersionDate "2023.10.10"]
[SourceQuality "1"]

1. c4 c5 2. Nc3 Nc6 3. g3 e6 4. Bg2 Nf6 5. e4 d6 6. Nge2 h5 7. h3 h4 8. g4 e5 9. d3 Be6 10. Nd5 Be7 11. Nec3 Nd4 12. Be3 a6 13. a4 b6 14. Rb1 Rb8 15. b4 b5 16. axb5 axb5 17. Nxf6+ Bxf6 18. Bxd4 cxb4 19. Ba7 Qa5 20. Bxb8 bxc3 21. Rxb5 Qa2 22. 0-0 0-0 23. Bxd6 Bg5 24. f4 Bxf4 25. Rxf4 exf4 26. Bxf8 c2 27. Qc1 Kxf8 28. Rb2 Qa3 29. Rxc2 Qxd3 30. Qd2 Qg3 31. Qf2 f3 32. Qxg3 hxg3 33. Bxf3 1-0

[Event "Titled Tuesday intern op 06th Jun Early"]
[Site "Chess.com INT"]
[Date "2023.06.06"]
[Round "7"]
[White "Alexanian, Nelli"]
[Black "Lohani, Sujana"]
[Result "1-0"]
[WhiteElo "1896"]
[BlackElo "1753"]
[PlyCount "73"]
[EventDate "2023.06.06"]
[EventType "swiss (blitz)"]
[EventRounds "11"]
[EventCountry "USA"]
[SourceTitle "EXT 2024"]
[Source "ChessBase"]
[SourceDate "2023.10.10"]
[SourceVersion "1"]
[SourceVersionDate "2023.10.10"]
[SourceQuality "1"]

1. d4 g6 2. c4 Bg7 3. Nc3 d6 4. e4 Nf6 5. h4 h5 6. Be3 0-0 7. f3 e5 8. d5 c6 9. Qd2 cxd5 10. Nxd5 Nxd5 11. Qxd5 Qc7 12. Rd1 Rd8 13. c5 Be6 14. cxd6 Qc2 15. Qxb7 Nd7 16. Ne2 Rdb8 17. Qc7 Rxb2 18. Rc1 Qd3 19. Bxa7 Qd2+ 20. Kf2 Rxa2 21. Be3 Qb2 22. Kg3 Qb3 23. Nc3 Rc2 24. Bd3 Rxc1 25. Rxc1 Nf6 26. Bg5 Rc8 27. Qa5 Nd7 28. Ba6 Rc5 29. Qd8+ Kh7 30. Nd5 Rxc1 31. Bxc1 Bxd5 32. exd5 Qxd5 33. Qxd7 e4 34. fxe4 Qxe4 35. Qxf7 Qe1+ 36. Kh2 Qxc1 37. Bd3 1-0

[Event "Titled Tuesday intern op 06th Jun Early"]
[Site "Chess.com INT"]
[Date "2023.06.06"]
[Round "11"]
[White "Alexanian, Nelli"]
[Black "Manukian, Artak"]
[Result "0-1"]
[WhiteElo "1896"]
[BlackElo "2196"]
[PlyCount "36"]
[EventDate "2023.06.06"]
[EventType "swiss (blitz)"]
[EventRounds "11"]
[EventCountry "USA"]
[SourceTitle "EXT 2024"]
[Source "ChessBase"]
[SourceDate "2023.10.10"]
[SourceVersion "1"]
[SourceVersionDate "2023.10.10"]
[SourceQuality "1"]

1. d4 Nf6 2. c4 g6 3. Nc3 d5 4. cxd5 Nxd5 5. e4 Nxc3 6. bxc3 Bg7 7. Bc4 0-0 8. Ne2 c5 9. 0-0 Nc6 10. Be3 Bg4 11. f3 Na5 12. Bd3 cxd4 13. cxd4 Be6 14. d5 Bxa1 15. Qxa1 f6 16. Bh6 Re8 17. Nf4 Bf7 18. Bb5 Qb6+ 0-1

[Event "Titled Tuesday intern op 06th Jun Early"]
[Site "Chess.com INT"]
[Date "2023.06.06"]
[Round "5"]
[White "Marichal Gonzalez, Ariel"]
[Black "Alexanian, Nelli"]
[Result "1-0"]
[WhiteElo "2267"]
[BlackElo "1896"]
[PlyCount "39"]
[EventDate "2023.06.06"]
[EventType "swiss (blitz)"]
[EventRounds "11"]
[EventCountry "USA"]
[SourceTitle "EXT 2024"]
[Source "ChessBase"]
[SourceDate "2023.10.10"]
[SourceVersion "1"]
[SourceVersionDate "2023.10.10"]
[SourceQuality "1"]

1. d4 Nf6 2. c4 c5 3. d5 b5 4. cxb5 a6 5. bxa6 g6 6. Nc3 Bxa6 7. e4 Bxf1 8. Kxf1 d6 9. Nf3 Bg7 10. g3 Na6 11. Kg2 Nd7 12. Qe2 0-0 13. a4 Nc7 14. Bg5 h6 15. Be3 f5 16. exf5 Rxf5 17. Rhd1 Nb6 18. Nh4 Rh5 19. Nxg6 Ncxd5 20. Qxh5 1-0

[Event "TUR-ch (Women)"]
[Site "Corum"]
[Date "2021.06.13"]
[Round "1"]
[White "Alexanian, Nelli"]
[Black "Koc, Azra Ece"]
[Result "0-1"]
[WhiteElo "1986"]
[BlackElo "1734"]
[PlyCount "72"]
[EventDate "2021.06.13"]
[EventType "swiss"]
[EventRounds "7"]
[EventCountry "TUR"]
[SourceTitle "CBM 203 Extra"]
[Source "ChessBase"]
[SourceDate "2021.09.30"]
[SourceVersion "1"]
[SourceVersionDate "2021.09.30"]
[SourceQuality "1"]

1. d4 Nf6 2. c4 e6 3. Nc3 Bb4 4. e3 0-0 5. Nge2 d5 6. a3 Be7 7. cxd5 exd5 8. b4 c6 9. Nf4 Bf5 10. Be2 Nbd7 11. 0-0 Re8 12. b5 Nf8 13. bxc6 bxc6 14. Bd2 Ne6 15. Nxe6 fxe6 16. Na4 Ne4 17. f3 Nxd2 18. Qxd2 Bd6 19. Ba6 Qe7 20. Rfc1 Bxa3 21. Rxc6 Rab8 22. e4 dxe4 23. Qe3 Qd7 24. Rc4 Qd6 25. Nc5 Bb2 26. Ra5 exf3 27. gxf3 Bh3 28. Bb5 Red8 29. Nb3 e5 30. Ra6 exd4 31. Qg5 Rxb5 32. Qxb5 Qf4 33. Rc2 Qe3+ 34. Rf2 d3 35. Nd2 Bd4 36. Qc4+ Kh8 0-1

[Event "Speed Chess (Women) Q4"]
[Site "Chess.com INT"]
[Date "2020.06.21"]
[Round "1"]
[White "Alexanian, Nelli"]
[Black "Mrudul, Dehankar"]
[Result "1-0"]
[WhiteElo "1986"]
[BlackElo "2256"]
[PlyCount "59"]
[EventDate "2020.06.21"]
[EventType "swiss (blitz)"]
[EventRounds "9"]
[EventCountry "USA"]
[SourceTitle "CBM 196 Extra"]
[Source "ChessBase"]
[SourceDate "2020.07.31"]
[SourceVersion "1"]
[SourceVersionDate "2020.07.31"]
[SourceQuality "1"]

1. d4 Nf6 2. c4 e6 3. Nc3 Bb4 4. e3 b6 5. Nge2 c5 6. a3 Ba5 7. Rb1 Na6 8. d5 Bb7 9. d6 Ne4 10. f3 Bxc3+ 11. bxc3 Nf6 12. e4 0-0 13. Bg5 h6 14. Bh4 Nb8 15. e5 g5 16. Bf2 Nh7 17. h4 Nc6 18. hxg5 Qxg5 19. f4 Qg7 20. Ng3 f6 21. Nh5 Qg6 22. Bd3 f5 23. Rh3 Kh8 24. Rg3 Qf7 25. Rg7 Qe8 26. Bh4 Rg8 27. Rxh7+ Kxh7 28. Nf6+ Kh8 29. Nxe8 Raxe8 30. Qh5 1-0

[Event "Speed Chess (Women) Q4"]
[Site "Chess.com INT"]
[Date "2020.06.21"]
[Round "8"]
[White "Alexanian, Nelli"]
[Black "Vifleemskaia, Svetlana"]
[Result "0-1"]
[WhiteElo "1986"]
[BlackElo "1943"]
[PlyCount "42"]
[EventDate "2020.06.21"]
[EventType "swiss (blitz)"]
[EventRounds "9"]
[EventCountry "USA"]
[SourceTitle "CBM 196 Extra"]
[Source "ChessBase"]
[SourceDate "2020.07.31"]
[SourceVersion "1"]
[SourceVersionDate "2020.07.31"]
[SourceQuality "1"]

1. d4 Nf6 2. c4 e6 3. Nc3 Bb4 4. e3 0-0 5. Nge2 d5 6. a3 Bxc3+ 7. bxc3 dxc4 8. Ng3 b5 9. a4 c6 10. axb5 cxb5 11. Qf3 Qd5 12. e4 Qc6 13. Bg5 Nfd7 14. d5 exd5 15. Nf5 Re8 16. Qg3 Rxe4+ 17. Be2 Qg6 18. Ne7+ Rxe7 19. Bxe7 Qxg3 20. hxg3 Nc6 21. Bf3 Nxe7 0-1

[Event "Speed Chess (Women) Q4"]
[Site "Chess.com INT"]
[Date "2020.06.21"]
[Round "2"]
[White "Zhukova, Natalia"]
[Black "Alexanian, Nelli"]
[Result "0-1"]
[WhiteElo "2328"]
[BlackElo "1986"]
[PlyCount "86"]
[EventDate "2020.06.21"]
[EventType "swiss (blitz)"]
[EventRounds "9"]
[EventCountry "USA"]
[SourceTitle "CBM 196 Extra"]
[Source "ChessBase"]
[SourceDate "2020.07.31"]
[SourceVersion "1"]
[SourceVersionDate "2020.07.31"]
[SourceQuality "1"]

1. c4 e5 2. Nc3 Bb4 3. Nd5 Bc5 4. Nf3 c6 5. Nc3 e4 6. Nxe4 Be7 7. Nc3 d5 8. cxd5 cxd5 9. d4 Nc6 10. Bf4 Nf6 11. e3 Qb6 12. Rb1 0-0 13. a3 Na5 14. Bd3 Nc4 15. 0-0 Bg4 16. Bg5 Rfd8 17. Bxf6 Qxf6 18. Nxd5 Rxd5 19. Bxc4 Rf5 20. Be2 Bd6 21. e4 Qh6 22. Ne5 Bxe2 23. Qxe2 Bxe5 24. dxe5 Rxe5 25. Qf3 Rae8 26. Rfe1 Qg6 27. Re3 Rxe4 28. Rbe1 Rxe3 29. fxe3 b6 30. h3 Qd6 31. Re2 Qd1+ 32. Kh2 Qd6+ 33. g3 Qd1 34. Kg2 Rc8 35. Qf2 h6 36. Rd2 Qc1 37. Qe2 Qb1 38. h4 Rc1 39. e4 Rg1+ 40. Kf3 Qf1+ 41. Qxf1 Rxf1+ 42. Ke3 f6 43. Rd7 a5 0-1

[Event "TUR-ch (Women)"]
[Site "Ankara"]
[Date "2020.03.05"]
[Round "6"]
[White "Hereklioglu, Sude"]
[Black "Alexanian, Nelli"]
[Result "0-1"]
[WhiteElo "1952"]
[BlackElo "2012"]
[PlyCount "112"]
[EventDate "2020.03.02"]
[EventType "swiss"]
[EventRounds "9"]
[EventCountry "TUR"]
[SourceTitle "CBM 195 Extra"]
[Source "ChessBase"]
[SourceDate "2020.05.31"]
[SourceVersion "1"]
[SourceVersionDate "2020.05.31"]
[SourceQuality "1"]

1. Nf3 d5 2. g3 c5 3. Bg2 Nc6 4. d3 g6 5. Nbd2 Bg7 6. 0-0 e5 7. e4 d4 8. a4 Bg4 9. Nc4 Qd7 10. Bd2 Nge7 11. Qe1 Be6 12. Na3 f6 13. b4 cxb4 14. Bxb4 0-0 15. Qb1 Nxb4 16. Qxb4 Bh6 17. Rfd1 Rfc8 18. Nd2 Bxd2 19. Rxd2 Rc6 20. a5 Ra6 21. Rb1 b6 22. Nc4 bxa5 23. Qa3 Bxc4 24. dxc4 Rb6 25. Rbd1 Rc8 26. c5 Rb5 27. c3 Nc6 28. Bf1 Rbb8 29. Bc4+ Kg7 30. f4 Qg4 31. Rf1 dxc3 32. Qxc3 Rc7 33. Rd5 Re7 34. Rd6 Nd4 35. c6 Rc8 36. Ba6 Rcc7 37. Kg2 Ne2 38. Qf3 Nxf4+ 39. Kh1 Qxf3+ 40. Rxf3 Ne6 41. Bc4 Ng5 42. Re3 f5 43. exf5 gxf5 44. Red3 Ne4 45. Rd7 Nf2+ 46. Kg2 Nxd3 47. Rxe7+ Rxe7 48. Bxd3 Rc7 49. Bb5 Kf6 50. Kf3 Ke6 51. g4 fxg4+ 52. Kxg4 Kd6 53. h4 Rxc6 54. Bxc6 Kxc6 55. h5 a4 56. h6 a3 0-1

[Event "TUR Cup"]
[Site "Antalya"]
[Date "2020.02.01"]
[Round "10"]
[White "Alexanian, Nelli"]
[Black "Pasa, Ahmet"]
[Result "1-0"]
[WhiteElo "2012"]
[BlackElo "1742"]
[PlyCount "69"]
[EventDate "2020.01.26"]
[EventType "swiss"]
[EventRounds "11"]
[EventCountry "TUR"]
[SourceTitle "CBM 194 Extra"]
[Source "ChessBase"]
[SourceDate "2020.03.31"]
[SourceVersion "1"]
[SourceVersionDate "2020.03.31"]
[SourceQuality "1"]

1. d4 Nf6 2. c4 e6 3. Nc3 Bb4 4. e3 0-0 5. Nge2 b6 6. a3 Bxc3+ 7. Nxc3 Bb7 8. Qc2 d5 9. cxd5 exd5 10. b4 Ne4 11. Bd3 f5 12. 0-0 Rf6 13. f3 Nd6 14. Bb2 Nd7 15. e4 fxe4 16. fxe4 dxe4 17. Nxe4 Nxe4 18. Bxe4 Bxe4 19. Qxe4 Rxf1+ 20. Rxf1 Nf6 21. Qe6+ Kh8 22. d5 Nh5 23. g4 Qg5 24. Bc1 Qh4 25. gxh5 Qd4+ 26. Be3 Qd3 27. Bc1 Qd4+ 28. Kh1 Qc4 29. Qf5 h6 30. Bxh6 gxh6 31. Qf6+ Kh7 32. Qg6+ Kh8 33. Qxh6+ Kg8 34. Rg1+ Kf7 35. Qe6+ 1-0

[Event "TUR Cup"]
[Site "Antalya"]
[Date "2020.01.29"]
[Round "5"]
[White "Isik, Can"]
[Black "Alexanian, Nelli"]
[Result "1-0"]
[WhiteElo "1710"]
[BlackElo "2012"]
[PlyCount "83"]
[EventDate "2020.01.26"]
[EventType "swiss"]
[EventRounds "11"]
[EventCountry "TUR"]
[SourceTitle "CBM 194 Extra"]
[Source "ChessBase"]
[SourceDate "2020.03.31"]
[SourceVersion "1"]
[SourceVersionDate "2020.03.31"]
[SourceQuality "1"]

1. e4 e6 2. d4 d5 3. e5 c5 4. c3 Nc6 5. Nf3 Qb6 6. Na3 cxd4 7. cxd4 Bd7 8. Nc2 Na5 9. Bd3 Bb5 10. 0-0 Ne7 11. b3 Bxd3 12. Qxd3 Nec6 13. Bd2 Be7 14. Rac1 0-0 15. Ng5 Bxg5 16. Bxg5 Kh8 17. Rfe1 Rac8 18. Rcd1 Qc7 19. Na3 a6 20. Re3 Nb4 21. Qe2 Qc1 22. Rg3 Qxa3 23. Qh5 f5 24. Rh3 Kg8 25. Qxh7+ Kf7 26. Bf6 Rg8 27. Rg3 Nbc6 28. Bxg7 Ke8 29. Qxg8+ Kd7 30. Qf7+ Ne7 31. h4 Rc1 32. Rxc1 Qxc1+ 33. Kh2 f4 34. Rg6 Nac6 35. Qxe6+ Kc7 36. Qd6+ Kc8 37. Rf6 b5 38. Rf8+ Kb7 39. Rf7 Qd2 40. Rxe7+ Nxe7 41. Qxe7+ Kc8 42. Qc5+ 1-0

[Event "TUR-chT 1st League"]
[Site "Konya"]
[Date "2019.07.28"]
[Round "9.5"]
[White "Kaymaz, Lena Nur"]
[Black "Alexanian, Nelli"]
[Result "0-1"]
[WhiteElo "1572"]
[BlackElo "2008"]
[PlyCount "72"]
[EventDate "2019.07.22"]
[EventType "team-swiss"]
[EventRounds "9"]
[EventCountry "TUR"]
[SourceTitle "CBM 191 Extra"]
[Source "ChessBase"]
[SourceDate "2019.09.30"]
[SourceVersion "1"]
[SourceVersionDate "2019.09.30"]
[SourceQuality "1"]
[WhiteTeam "Ankara Dernegi"]
[BlackTeam "Burdurspor Dernegi"]
[WhiteTeamCountry "TUR"]
[BlackTeamCountry "TUR"]

1. e4 e6 2. d4 d5 3. exd5 exd5 4. Bd3 Nc6 5. c3 Bd6 6. Nf3 Bg4 7. 0-0 Nge7 8. Re1 Qd7 9. Nbd2 0-0-0 10. b4 Ng6 11. Nb3 Nh4 12. Be2 Nxf3+ 13. Bxf3 h5 14. b5 Ne7 15. a4 Qf5 16. Be2 Qg6 17. Ba3 Bh3 18. Bf3 Bxa3 19. Rxa3 Nf5 20. Kh1 Bg4 21. Ra2 Nh4 22. Bxg4+ hxg4 23. Re5 f6 24. Re7 Nf5 25. Re6 Qf7 26. Qe1 g3 27. fxg3 Nxg3+ 28. Kg1 Ne4 29. Nc5 b6 30. Rc6 bxc5 31. c4 Qh5 32. h3 Qg5 33. Kf1 Qf4+ 34. Kg1 Ng3 35. Qf2 Qc1+ 36. Kh2 Nf1+ 0-1

[Event "TUR-chT 1st League"]
[Site "Konya"]
[Date "2019.07.27"]
[Round "8.7"]
[White "Alexanian, Nelli"]
[Black "Rakhmangulova, Anastasiya"]
[Result "1/2-1/2"]
[WhiteElo "2008"]
[BlackElo "2210"]
[PlyCount "60"]
[EventDate "2019.07.22"]
[EventType "team-swiss"]
[EventRounds "9"]
[EventCountry "TUR"]
[SourceTitle "CBM 191 Extra"]
[Source "ChessBase"]
[SourceDate "2019.09.30"]
[SourceVersion "1"]
[SourceVersionDate "2019.09.30"]
[SourceQuality "1"]
[WhiteTeam "Burdurspor Dernegi"]
[BlackTeam "Denizli Metin Surmeli"]
[WhiteTeamCountry "TUR"]
[BlackTeamCountry "TUR"]

1. d4 b5 2. e4 a6 3. a4 Bb7 4. e5 c5 5. d5 d6 6. axb5 dxe5 7. Nc3 Nf6 8. bxa6 Nxa6 9. Bb5+ Nd7 10. Nf3 Nc7 11. Rxa8 Bxa8 12. Ba4 f6 13. Nxe5 fxe5 14. Qh5+ g6 15. Qxe5 Rg8 16. Bf4 Nxd5 17. Nxd5 Bxd5 18. Qxd5 Qa5+ 19. Ke2 Qxa4 20. Qxg8 Qxf4 21. Ra1 Nb6 22. Qe6 Qd6 23. Qb3 Qe5+ 24. Kd1 Qxh2 25. Ke2 Qh5+ 26. f3 Qe5+ 27. Kf2 Nc8 28. Ra5 Qf4 29. Qb5+ Kf7 30. Qxc5 Nd6 1/2-1/2